| 000 | 00000nam 2200000za 4500 |
| 001 | 9.700114 |
| 003 | CaOODSP |
| 005 | 20250319160745 |
| 007 | cr ||||||||||| |
| 008 | 150407s2011 onca #o f000 0 eng d |
| 040 | |aCaOODSP|beng |
| 043 | |an-cn--- |
| 086 | 1 |aR5-23/2011E-PDF |
| 110 | 1 |aCanada. |bIndian and Northern Affairs Canada. |
| 245 | 10|aMid-term national review for the strategic evaluation of the implementation of the enhanced prevention focused approach for the First Nations Child and Family Services Program |h[electronic resource] : |bfinal report / |cEvaluation, Performance Measurement, and Review Branch. |
| 260 | |a[Ottawa] : |bIndian and Northern Affairs, |c2011. |
| 300 | |a71 p. : |bill. |
| 500 | |a"September 2011." |
| 500 | |aIssued also in French under title: Examen national de mi-parcours de l'évaluation stratégique de la mise en oeuvre de l'approche améliorée axée sur la prévention pour le programme des Services à l'enfance et à la famille des Premières Nations. |
| 580 | |aComplemented by: Action plan implementation status update, report to the Evaluation, Performance Measurement and Review Committee as of ... : Evaluation of the mid-term national review for the strategic evaluation of the implementation of the enhanced prevention focused approach for the First Nations Child and Family Services Program. |
| 590 | |a15-02-Supp|b2015-02-16 |
| 690 | 07|aIndigenous youth|2gcpds |
| 690 | 07|aCommunity services|2gcpds |
| 775 | 08|tExamen national de mi-parcours de l'évaluation stratégique de la mise en oeuvre de l'approche améliorée axée sur la prévention pour le programme des Services à l'enfance et à la famille des Premières Nations |w(CaOODSP)9.644078 |
| 787 | 1 |oR12-52E-PDF|tAction plan implementation status update, report to the Evaluation, Performance Measurement and Review Committee as of ... : Evaluation of the mid-term national review for the strategic evaluation of the implementation of the enhanced prevention focused approach for the First Nations Child and Family Services Program|w9.807778 |
| 856 | 40|ahttp://publications.gc.ca|qPDF|s348 KB|uhttps://publications.gc.ca/collections/collection_2014/aadnc-aandc/R5-23-2011-eng.pdf |
| 986 | |aProject number : 1570-7/09060 |